000 00578nam a2200181Ia 4500
008 151018s9999 xx 000 0 und d
082 _bRBASDV40037
_a891.464
100 _aशर्मा फाटक
245 _aमानव जन्म कि कहनी
250 _b1
260 _bअपराजिता
_c2004
300 _a38
600 _aशर्मा फाटक
630 _aमानव जन्म कि कहनी
700 _aशर्मा फाटक
730 _aमानव जन्म कि कहनी
942 _cBOOK
999 _c1039320
_d1039317